| Tag |
First Indicator |
Second Indicator |
Subfields |
| LEADER |
00000nam a2200000 i 4500 |
| 001 |
in00005502913 |
| 006 |
m o d f |
| 007 |
cr ||||||||||| |
| 008 |
240821s2024 dcu oz f000 0 eng c |
| 005 |
20241004210303.6 |
| 035 |
|
|
|a (OCoLC)on1452864091
|
| 040 |
|
|
|a GPO
|b eng
|e rda
|e pn
|c GPO
|d MvI
|
| 042 |
|
|
|a pcc
|
| 043 |
|
|
|a n-us---
|a f-pg---
|
| 049 |
|
|
|a WWW
|
| 074 |
|
|
|a 0899-A-01 (online)
|
| 086 |
0 |
|
|a S 9.10:24-313
|
| 130 |
0 |
|
|a Defense Assistance Agreement between the United States of America and Guinea-Bissau
|d (2023 October 26)
|0 https://id.loc.gov/authorities/names/no2024091805
|
| 245 |
1 |
0 |
|a Defense :
|b assistance : agreement between the United States of America and Guinea-Bissau, effected by exchange of notes at Dakar and Bissau, October 26, 2024 and March 13, 2024 ; entered into force March 13, 2024.
|
| 246 |
3 |
0 |
|a Agreement between the United States of America and Guinea-Bissau, effected by exchange of notes at Dakar and Bissau, October 26, 2024 and March 13, 2024 ; entered into force March 13, 2024
|
| 264 |
|
1 |
|a [Washington, D.C.] :
|b United States Department of State,
|c [2024?]
|
| 300 |
|
|
|a 1 online resource (6 unnumbered pages).
|
| 336 |
|
|
|a text
|b txt
|2 rdacontent
|
| 337 |
|
|
|a computer
|b c
|2 rdamedia
|
| 338 |
|
|
|a online resource
|b cr
|2 rdacarrier
|
| 490 |
1 |
|
|a Treaties and other international acts series ;
|v 24-313
|
| 500 |
|
|
|a In scope of the U.S. Government Publishing Office Cataloging and Indexing Program (C&I) and Federal Depository Library Program (FDLP).
|
| 500 |
|
|
|a GPO Cataloging Record Distribution Program (CRDP).
|
| 588 |
|
|
|a Description based on online resource; title from PDF title screen (U.S. Department of State web site, viewed Aug. 21, 2024).
|
| 650 |
|
0 |
|a Military assistance, American
|z Guinea-Bissau.
|
| 651 |
|
0 |
|a United States
|x Military relations
|z Guinea-Bissau.
|
| 651 |
|
0 |
|a Guinea-Bissau
|x Military relations
|z United States.
|
| 655 |
|
7 |
|a Treaties.
|2 lcgft
|0 https://id.loc.gov/authorities/genreForms/gf2011026707
|
| 710 |
1 |
|
|a United States.
|b Department of State,
|0 https://id.loc.gov/authorities/names/n80126198
|e issuing body.
|
| 710 |
1 |
|
|a Guinea-Bissau,
|0 https://id.loc.gov/authorities/names/n80061076
|e participant in treaty.
|
| 710 |
1 |
|
|a United States,
|0 https://id.loc.gov/authorities/names/n78095330
|e participant in treaty.
|
| 830 |
|
0 |
|a Treaties and other international acts series ;
|0 https://id.loc.gov/authorities/names/n84731555
|v 24-313.
|
| 856 |
4 |
0 |
|u https://purl.fdlp.gov/GPO/gpo232058
|t 0
|
| 999 |
f |
f |
|s db798784-4c18-46e4-ac25-74d863fabac4
|i 1298fac5-2fc5-4713-a417-a6a8ad6cff26
|t 0
|
| 952 |
f |
f |
|a Texas A&M University
|b College Station
|c Electronic Resources
|d Available Online
|t 0
|e S 9.10:24-313
|h Superintendent of Documents classification
|
| 998 |
f |
f |
|a S 9.10:24-313
|t 0
|l Available Online
|